[Event "South African op"]
[Site "Cape Town"]
[Date "2015.07.07"]
[Round "7"]
[White "Chetty, Cailin"]
[Black "Mthunzi, Clive"]
[Result "1/2-1/2"]
[WhiteElo "1576"]
[BlackElo "1853"]
[PlyCount "153"]
[EventDate "2015.07.03"]
[EventType "swiss"]
[EventRounds "11"]
[EventCountry "RSA"]
[SourceTitle "CBM 167 Extra"]
[Source "ChessBase"]
[SourceDate "2015.09.14"]
[SourceVersion "1"]
[SourceVersionDate "2015.09.14"]
[SourceQuality "1"]

1. e4 c6 2. d4 d5 3. Nc3 dxe4 4. Nxe4 Bf5 5. Ng3 Bg6 6. Nf3 Nd7 7. h4 h6 8. h5 Bh7 9. Bd3 Bxd3 10. Qxd3 e6 11. Bd2 Ngf6 12. 0-0-0 Bd6 13. Ne2 Qe7 14. Qb3 0-0-0 15. Ba5 Bc7 16. Bxc7 Kxc7 17. Nf4 Ng4 18. Nd2 Kc8 19. Qg3 Ngf6 20. Nc4 Ne4 21. Qf3 Qb4 22. b3 Ndf6 23. Kb2 Ng5 24. Qc3 Rhe8 25. a3 Qe7 26. Rhe1 Nd7 27. Nd3 Nf6 28. Nf4 Ng4 29. Qd2 Nf6 30. Qe3 Nd5 31. Nxd5 cxd5 32. Ne5 Ne4 33. f3 Nf6 34. g4 Nd7 35. Nd3 Kb8 36. Qf4+ Ka8 37. Nb4 Nb6 38. Nd3 Rc8 39. Re3 Rc7 40. Rd2 Rec8 41. Qg3 Rc3 42. Qf2 R3c7 43. Qe2 Nd7 44. Nf2 Qd6 45. Nd3 Rc6 46. Ne5 Ra6 47. b4 Nxe5 48. dxe5 Qe7 49. Rdd3 Rb6 50. c3 Qe8 51. Qd1 Qb5 52. a4 Qd7 53. Qb3 Rbc6 54. c4 Rxc4 55. Rc3 a6 56. Rxc4 dxc4 57. Qc2 Qd4+ 58. Qc3 Qxc3+ 59. Kxc3 b5 60. axb5 axb5 61. Kc2 Kb7 62. Re4 Rd8 63. f4 Rd3 64. f5 Rf3 65. fxe6 fxe6 66. Rd4 Re3 67. Rd7+ Kc8 68. Rxg7 Rxe5 69. Rg6 Kd7 70. Rxh6 Rg5 71. Rh7+ Kd6 72. Rb7 Kc6 73. Re7 Kd5 74. Rd7+ Ke5 75. Rb7 Kf4 76. h6 Rxg4 77. Rxb5 1/2-1/2

[Event "Commonwealth & South African-ch"]
[Site "Johannesburg"]
[Date "2011.07.02"]
[Round "10.1"]
[White "Nitish, Belurkar"]
[Black "Mthunzi, Clive"]
[Result "1-0"]
[WhiteElo "1659"]
[BlackElo "1616"]
[PlyCount "49"]
[EventDate "2011.06.25"]
[EventType "swiss"]
[EventRounds "11"]
[EventCountry "RSA"]
[SourceTitle "EXT 2024"]
[Source "ChessBase"]
[SourceDate "2023.10.10"]
[SourceVersion "1"]
[SourceVersionDate "2023.10.10"]
[SourceQuality "1"]

1. d4 Nf6 2. Nf3 d5 3. e3 c6 4. Bd3 e6 5. Ne5 Nbd7 6. f4 Ne4 7. Bxe4 dxe4 8. Nd2 Nxe5 9. fxe5 Qh4+ 10. g3 Qh3 11. Qe2 b6 12. Rf1 h6 13. Nxe4 a6 14. Qf3 Qf5 15. Nd6+ Bxd6 16. Qxc6+ Bd7 17. Qxa8+ Ke7 18. exd6+ Kxd6 19. Rxf5 Rxa8 20. Rxf7 Rg8 21. e4 Bb5 22. Bf4+ e5 23. Bxe5+ Ke6 24. Rxg7 Rf8 25. 0-0-0 1-0